| 000 | 00548nam a2200217 a 4500 | ||
|---|---|---|---|
| 001 | 23154 | ||
| 003 | CO-ViMGA | ||
| 008 | 141112s2004 ck r 000 u spa d | ||
| 020 | _a9702607639 | ||
| 040 |
_aCO-ViMGA _bspa _cCO-ViMGA |
||
| 082 | 0 | 4 | _a658.8 K675d |
| 100 | 1 |
_aKotler Keller _933353 |
|
| 245 | 1 | 0 | _aDireccion de marketing |
| 250 | _a12 da. | ||
| 260 |
_aMéxico : _bPerason |
||
| 300 | _a816p. | ||
| 650 | 1 | 4 |
_aADMINISTRACION DE MERCADEO _916865 |
| 650 | 1 | 4 |
_aMERCADEO _9559 |
| 650 | 1 | 4 |
_aSERVICIO AL CLIENTE _92737 |
| 942 |
_2ddc _cBK |
||
| 999 |
_c31407 _d31407 |
||